[Event "Kiel op 34th"]
[White "Zielke, Bernd"]
[Black "Popvasilev, Kalojan"]
[Site "Kiel"]
[Round "1"]
[Result "0-1"]
[Date "2022.07.30"]
[WhiteElo "1648"]
[BlackElo "2208"]
[PlyCount "62"]
[EventDate "2022.07.30"]
[EventType "swiss"]
[EventRounds "9"]
[EventCountry "GER"]
[SourceTitle "CBM 209 Extra"]
[Source "ChessBase"]
[SourceDate "2022.09.30"]
[SourceVersion "1"]
[SourceVersionDate "2022.09.30"]
[SourceQuality "1"]

1. Nf3 g6 2. d4 Bg7 3. c3 d6 4. e4 Nf6 5. Qc2 0-0 6. Be2 c5 7. 0-0 cxd4 8. Nxd4 Nc6 9. Be3 Bd7 10. f3 Rc8 11. Qd2 Re8 12. Na3 Ne5 13. Kh1 b6 14. b3 d5 15. f4 Nxe4 16. Qe1 Nc6 17. Rc1 Nxd4 18. cxd4 Rxc1 19. Qxc1 Qc8 20. Bd3 Nd6 21. Qd2 Qb7 22. Rc1 Rc8 23. g3 Nf5 24. Bxf5 Bxf5 25. Kg1 Rxc1+ 26. Qxc1 Qa6 27. Kf2 Bg4 28. Qb2 Bh3 29. Qc1 Qd3 30. Nc2 Qe4 31. Ne1 Qh1 0-1

[Event "Schleswig-Holstein-ch Seniors-B"]
[White "Zielke, Bernd"]
[Black "Schiemann, Dietrich"]
[Site "Bad Segeberg"]
[Round "9"]
[Result "1-0"]
[Date "2018.03.29"]
[WhiteElo "1683"]
[BlackElo "1801"]
[PlyCount "96"]
[EventDate "2018.03.24"]
[EventType "swiss"]
[EventRounds "9"]
[EventCountry "GER"]
[SourceTitle "EXT 2023"]
[Source "ChessBase"]
[SourceDate "2022.10.05"]
[SourceVersion "1"]
[SourceVersionDate "2022.10.05"]
[SourceQuality "1"]

1. b4 d6 2. c4 g6 3. Bb2 Nf6 4. e3 Bg7 5. Nf3 0-0 6. Be2 Nbd7 7. d3 b6 8. Nbd2 c5 9. a3 Bb7 10. 0-0 d5 11. Qc2 Qc7 12. b5 e5 13. cxd5 Nxd5 14. Rac1 Rac8 15. Rfd1 N5f6 16. Ne1 Ne8 17. Nc4 Nd6 18. a4 a6 19. Qb3 axb5 20. axb5 Bd5 21. Bf3 Be6 22. Ra1 Rfe8 23. Bc6 Re7 24. Qa4 Nb8 25. Bf3 Bd7 26. Nxd6 Qxd6 27. Be2 Be8 28. Bc3 Rec7 29. Rdb1 Nd7 30. Qb3 Nf6 31. Bf3 c4 32. dxc4 Rxc4 33. Bc6 Rh4 34. Rd1 Qc7 35. g3 Rh6 36. Bxe8 Rxe8 37. Bb2 Qc8 38. f3 Qh3 39. Rd2 Nh5 40. Rg2 e4 41. f4 Nf6 42. Ra2 Qd7 43. Bd4 Nd5 44. Bxg7 Kxg7 45. Rad2 Rd8 46. Nc2 Rh5 47. Nd4 Nc7 48. Nc6 Rxb5 1-0

[Event "Schleswig-Holstein-ch Seniors-B"]
[White "Zielke, Bernd"]
[Black "Jessen, Hilke"]
[Site "Bad Segeberg"]
[Round "6"]
[Result "1/2-1/2"]
[Date "2018.03.28"]
[WhiteElo "1683"]
[BlackElo "1903"]
[PlyCount "143"]
[EventDate "2018.03.24"]
[EventType "swiss"]
[EventRounds "9"]
[EventCountry "GER"]
[SourceTitle "EXT 2023"]
[Source "ChessBase"]
[SourceDate "2022.10.05"]
[SourceVersion "1"]
[SourceVersionDate "2022.10.05"]
[SourceQuality "1"]

1. b4 e5 2. Bb2 d6 3. c4 Be6 4. e3 Nf6 5. Nf3 Be7 6. Be2 0-0 7. 0-0 h6 8. a4 Nh7 9. d3 Nd7 10. Nbd2 b6 11. Qc2 Rc8 12. d4 f6 13. d5 Bf7 14. Bd3 Ng5 15. Nxg5 fxg5 16. f3 Be8 17. Bf5 Rb8 18. g3 Nf6 19. Be6+ Bf7 20. Bh3 Qe8 21. e4 Bg6 22. Rf2 Nh5 23. Bg2 Qd7 24. Qd1 Rf7 25. b5 Rbf8 26. Qe2 Nf6 27. Raf1 h5 28. Nb1 g4 29. f4 exf4 30. Rxf4 Nh7 31. Rxf7 Rxf7 32. Rxf7 Bxf7 33. Bc1 Bf6 34. Bf4 Qe7 35. h4 g5 36. hxg5 Nxg5 37. Na3 Bg6 38. Bxg5 Bxg5 39. Nc2 Qe5 40. Qd3 Qb2 41. Nd4 Qc1+ 42. Kh2 Be3 43. Ne2 Qd2 44. Qxd2 Bxd2 45. Nd4 Be8 46. Ne6 Bd7 47. Nf4 Be8 48. Bf1 Kh7 49. Ne6 Bd7 50. Nxc7 Kg6 51. Kg2 Kf6 52. Kf2 Ke5 53. Ke2 Bc3 54. Na6 Kf6 55. Nb8 Ke7 56. Kf2 Be8 57. Bd3 Bd4+ 58. Ke2 Be5 59. Kf2 Bd4+ 60. Kg2 Be3 61. Na6 Bd2 62. Kf2 Kf6 63. Ke2 Bc3 64. Nc7 Bf7 65. Na6 Ke5 66. Nc7 Bg6 67. Ne6 Bf7 68. Nf4 Bb2 69. Kd2 Bd4 70. Ke2 Bb2 71. Kd2 Bd4 72. Ke2 1/2-1/2

[Event "Kiel op-B 29th"]
[White "Zielke, Bernd"]
[Black "Plichta, Hans Reiner"]
[Site "Kiel"]
[Round "8"]
[Result "0-1"]
[Date "2016.08.04"]
[WhiteElo "1705"]
[BlackElo "1793"]
[PlyCount "130"]
[EventDate "2016.07.30"]
[EventType "swiss"]
[EventRounds "9"]
[EventCountry "GER"]
[SourceTitle "EXT 2017"]
[Source "ChessBase"]
[SourceDate "2016.10.25"]
[SourceVersion "1"]
[SourceVersionDate "2016.10.25"]
[SourceQuality "1"]

1. b4 Nf6 2. c4 d5 3. e3 d4 4. Qb3 e5 5. Nf3 c5 6. b5 Bd6 7. d3 0-0 8. e4 Nh5 9. g3 f5 10. Bg2 fxe4 11. dxe4 Bg4 12. 0-0 Qd7 13. Re1 Bh3 14. Bh1 h6 15. a4 Qg4 16. Nh4 Nf4 17. f3 Qg5 18. Ra2 Qh5 19. Ng2 Bxg2 20. Bxg2 Nh3+ 21. Bxh3 Qxh3 22. Qd3 Rf6 23. Qf1 Qh5 24. Rf2 Nd7 25. a5 Raf8 26. Kg2 g5 27. g4 Qh4 28. h3 R6f7 29. Qe2 Nf6 30. Ref1 h5 31. Rh1 Rh7 32. Qf1 Rhf7 33. Qe1 Kg7 34. Re2 hxg4 35. hxg4 Qxe1 36. Rexe1 Nh7 37. Ref1 Bc7 38. Bd2 Bd8 39. Na3 Rg8 40. Nc2 Nf8 41. Ne1 Ng6 42. Nd3 Be7 43. Rh5 Nh4+ 44. Kg3 Rgf8 45. Nxe5 Bd6 46. Rxg5+ Ng6 47. f4 Bxe5 48. Rf5 Bd6 49. e5 Bc7 50. Rxf7+ Rxf7 51. Rb1 Bxe5 52. fxe5 Nxe5 53. Rc1 Rf3+ 54. Kh4 Ra3 55. Bf4 Nf3+ 56. Kh5 Rxa5 57. Rf1 Ra3 58. g5 Rd3 59. Kg4 Nd2 60. Be5+ Kg8 61. Rd1 Ne4 62. Ra1 Nf2+ 63. Kh5 Re3 64. Bf6 Kf7 65. Rxa7 Rh3# 0-1

[Event "Kiel op-B 29th"]
[White "Zielke, Bernd"]
[Black "Schwerdt, Alwin Elias"]
[Site "Kiel"]
[Round "6"]
[Result "1-0"]
[Date "2016.08.02"]
[WhiteElo "1705"]
[BlackElo "1454"]
[PlyCount "143"]
[EventDate "2016.07.30"]
[EventType "swiss"]
[EventRounds "9"]
[EventCountry "GER"]
[SourceTitle "EXT 2017"]
[Source "ChessBase"]
[SourceDate "2016.10.25"]
[SourceVersion "1"]
[SourceVersionDate "2016.10.25"]
[SourceQuality "1"]

1. b4 e5 2. Bb2 Bxb4 3. Bxe5 Nf6 4. e3 Nc6 5. Bb2 a6 6. Nf3 0-0 7. Be2 d6 8. 0-0 Re8 9. d3 Qe7 10. Nbd2 Nd5 11. Re1 Bc3 12. Qc1 Rb8 13. Bxc3 Nxc3 14. Qa3 Nxe2+ 15. Rxe2 Bg4 16. h3 Bxf3 17. Nxf3 Ne5 18. Nxe5 Qxe5 19. d4 Qf6 20. Rd1 h6 21. c4 Qe7 22. Rb2 c6 23. Rdb1 Qc7 24. Rb6 Re7 25. Qb3 a5 26. a4 Qc8 27. d5 cxd5 28. cxd5 Qc5 29. Qb5 Rc7 30. Qxc5 dxc5 31. R6b5 Rd8 32. e4 c4 33. Rxb7 Rdc8 34. Rxc7 Rxc7 35. Rc1 c3 36. Rc2 Kf8 37. Kf1 Rc4 38. f3 Rxa4 39. Rxc3 Ra1+ 40. Kf2 Ra2+ 41. Kg3 Ke7 42. h4 a4 43. h5 Ra1 44. Kg4 a3 45. g3 a2 46. Ra3 g6 47. hxg6 fxg6 48. Kf4 Kf6 49. e5+ Kf7 50. Ra7+ Kf8 51. d6 g5+ 52. Kg4 h5+ 53. Kxg5 h4 54. e6 Rd1 55. Rxa2 Rxd6 56. Kxh4 Rxe6 57. Ra7 Rg6 58. f4 Rf6 59. Kg5 Re6 60. g4 Rd6 61. f5 Rc6 62. f6 Rc4 63. Kf5 Rc3 64. Kg6 Rc8 65. Rh7 Kg8 66. f7+ Kf8 67. Rh8+ Ke7 68. Rxc8 Kd7 69. f8Q Ke6 70. Rc6+ Kd7 71. Qd6+ Ke8 72. Rc8# 1-0

[Event "Kiel op-B 28th"]
[White "Zielke, Bernd"]
[Black "Kaminski, Thorsten"]
[Site "Kiel"]
[Round "6"]
[Result "1-0"]
[Date "2015.07.28"]
[WhiteElo "1662"]
[BlackElo "1300"]
[PlyCount "37"]
[EventDate "2015.07.25"]
[EventType "swiss"]
[EventRounds "9"]
[EventCountry "GER"]
[SourceTitle "EXT 2017"]
[Source "ChessBase"]
[SourceDate "2016.10.25"]
[SourceVersion "1"]
[SourceVersionDate "2016.10.25"]
[SourceQuality "1"]

1. b4 e5 2. Bb2 Bxb4 3. Bxe5 Nc6 4. Bxg7 Qg5 5. Bxh8 Nge7 6. Bc3 Bc5 7. e3 d6 8. h3 Bf5 9. Nf3 Qg6 10. d3 0-0-0 11. Nh4 Qe6 12. Nxf5 Nxf5 13. Be2 Re8 14. e4 Nfd4 15. Bxd4 Bxd4 16. c3 Bxf2+ 17. Kxf2 Rg8 18. Bg4 f5 19. Bxf5 1-0

[Event "Kiel op-B 27th"]
[White "Isler, Benjamin"]
[Black "Zielke, Bernd"]
[Site "Kiel"]
[Round "2"]
[Result "0-1"]
[Date "2014.08.02"]
[WhiteElo "1274"]
[BlackElo "1699"]
[PlyCount "142"]
[EventDate "2014.08.02"]
[EventType "swiss"]
[EventRounds "9"]
[EventCountry "GER"]
[SourceTitle "CBM 161 Extra"]
[Source "ChessBase"]
[SourceDate "2014.08.29"]
[SourceVersion "1"]
[SourceVersionDate "2014.08.29"]
[SourceQuality "1"]

1. b4 c5 2. b5 d5 3. a4 b6 4. Bb2 Nf6 5. d3 Bf5 6. Nd2 e6 7. c4 d4 8. Ngf3 Nbd7 9. g3 Rc8 10. Bg2 Be7 11. Nh4 0-0 12. Nxf5 exf5 13. Bh3 g6 14. Nf3 Qc7 15. Bc1 Rfe8 16. 0-0 Bd6 17. Re1 f4 18. Bxf4 Bxf4 19. gxf4 Qxf4 20. Qc1 Qxc1 21. Raxc1 Rcd8 22. e3 dxe3 23. fxe3 Ne5 24. Nxe5 Rxe5 25. Rcd1 Rde8 26. Kf2 Rh5 27. Kg2 Ree5 28. Bc8 Ne8 29. h3 Nd6 30. Bg4 Rhg5 31. Kg3 h5 32. Kf4 hxg4 33. hxg4 f6 34. Rh1 Re7 35. Rh3 Rh7 36. Rxh7 Kxh7 37. Ra1 Re5 38. a5 Nc8 39. axb6 axb6 40. Ra8 Re8 41. Rb8 Kg7 42. e4 Kf7 43. Rb7+ Ke6 44. Rc7 g5+ 45. Kf3 Rd8 46. Ke3 Ke5 47. Rc6 Re8 48. Rc7 Rh8 49. Rc6 Rh3+ 50. Ke2 Kd4 51. Rxc8 Rh2+ 52. Kf3 Rh3+ 53. Ke2 Re3+ 54. Kf2 Rxd3 55. Rc6 Ke5 56. Rxb6 Rd4 57. Rb8 Rxc4 58. Re8+ Kd6 59. Ke3 Rb4 60. Rf8 Ke7 61. Rb8 Rb3+ 62. Ke2 c4 63. Rc8 Rxb5 64. Rxc4 Ke6 65. Ke3 Ke5 66. Rd4 Rb3+ 67. Rd3 Rxd3+ 68. Kxd3 Kf4 69. Kd4 Kxg4 70. e5 fxe5+ 71. Kxe5 Kf3 0-1

[Event "Kiel op-B 26th"]
[White "Zielke, Bernd"]
[Black "Wallet, Norbert"]
[Site "Kiel"]
[Round "7"]
[Result "1-0"]
[Date "2013.07.31"]
[WhiteElo "1722"]
[BlackElo "1532"]
[PlyCount "139"]
[EventDate "2013.07.27"]
[EventType "swiss"]
[EventRounds "9"]
[EventCountry "GER"]
[SourceTitle "EXT 2018"]
[Source "ChessBase"]
[SourceDate "2017.10.13"]
[SourceVersion "1"]
[SourceVersionDate "2017.10.13"]
[SourceQuality "1"]

1. b4 c6 2. c4 e5 3. Bb2 d6 4. Nc3 Nf6 5. e3 Be7 6. Nf3 0-0 7. Be2 Re8 8. d3 Nbd7 9. 0-0 Bf8 10. Qc2 b6 11. a3 Bb7 12. Rfd1 d5 13. Rd2 Rc8 14. Rad1 Qc7 15. Qb1 Rcd8 16. Rc1 Qb8 17. cxd5 cxd5 18. Qa2 a6 19. Na4 Bd6 20. h3 Rc8 21. Rdc2 Rxc2 22. Rxc2 Rc8 23. Bc1 Rc7 24. Rxc7 Qxc7 25. Qd2 Qc6 26. Nb2 h6 27. Ne1 e4 28. Qc2 a5 29. Qxc6 Bxc6 30. bxa5 bxa5 31. dxe4 Bxa3 32. exd5 Bxd5 33. Nc2 Bc5 34. Bc4 Bc6 35. Nd3 Bb6 36. Ba3 Ne4 37. Nf4 Ne5 38. Bd5 Nc3 39. Bxc6 Nxc6 40. Kf1 Bc7 41. Nd3 f6 42. Bc5 Ne5 43. Nc1 Kf7 44. Bd4 Nb5 45. Ke2 Ke6 46. Na2 Bd6 47. f3 Nc6 48. Kd3 Nbxd4 49. exd4 f5 50. Kc4 f4 51. d5+ Kd7 52. dxc6+ Kxc6 53. Nd4+ Kb6 54. Nc3 g5 55. Na4+ Kb7 56. Kb5 Be5 57. Nc6 Bc7 58. Nxa5+ Bxa5 59. Kxa5 Kc6 60. Kb4 Kd5 61. Kc3 Ke5 62. Nc5 Kf5 63. Kd4 h5 64. Kd5 g4 65. hxg4+ hxg4 66. Ne6 Kg6 67. Ke5 gxf3 68. gxf3 Kf7 69. Ng5+ Kg6 70. Kxf4 1-0

[Event "Kiel op-B 26th"]
[White "Zielke, Bernd"]
[Black "Steffen, Joern"]
[Site "Kiel"]
[Round "1"]
[Result "1-0"]
[Date "2013.07.27"]
[WhiteElo "1722"]
[BlackElo "1310"]
[PlyCount "79"]
[EventDate "2013.07.27"]
[EventType "swiss"]
[EventRounds "9"]
[EventCountry "GER"]
[SourceTitle "EXT 2018"]
[Source "ChessBase"]
[SourceDate "2017.10.13"]
[SourceVersion "1"]
[SourceVersionDate "2017.10.13"]
[SourceQuality "1"]

1. b4 Nf6 2. c4 e6 3. b5 b6 4. Bb2 Be7 5. e3 Bb7 6. Nf3 d6 7. Be2 Nbd7 8. 0-0 0-0 9. Nc3 Qc8 10. Qc2 c5 11. Rfd1 d5 12. cxd5 exd5 13. d4 Qc7 14. Rac1 Rfe8 15. Na4 Rac8 16. h3 Qb8 17. Qf5 Nf8 18. dxc5 bxc5 19. Be5 Qa8 20. Nc3 Red8 21. a4 N6d7 22. Bh2 Nf6 23. a5 a6 24. b6 Rc6 25. Ne5 Re6 26. Bf3 Bd6 27. Ng4 Bxh2+ 28. Kxh2 Nxg4+ 29. Qxg4 Qb8+ 30. Qg3 Qxg3+ 31. Kxg3 Red6 32. Na4 c4 33. Nc5 Bc6 34. Ra1 Ne6 35. Nxa6 Bb5 36. Nb4 d4 37. exd4 Nxd4 38. b7 Nb3 39. Rxd6 Rb8 40. Ra3 1-0

[Event "Schleswig-Holstein-ch HTA"]
[White "Zielke, Bernd"]
[Black "Suemnich, Manfred"]
[Site "Buesum"]
[Round "2"]
[Result "0-1"]
[Date "2010.03.28"]
[WhiteElo "1679"]
[BlackElo "1489"]
[PlyCount "70"]
[EventDate "2010.03.27"]
[EventType "swiss"]
[EventRounds "9"]
[EventCountry "GER"]
[SourceTitle "EXT 2023"]
[Source "ChessBase"]
[SourceDate "2022.10.05"]
[SourceVersion "1"]
[SourceVersionDate "2022.10.05"]
[SourceQuality "1"]

1. b4 e5 2. Bb2 d6 3. c4 Be6 4. e3 Nd7 5. Nc3 Ngf6 6. d3 Be7 7. Nf3 0-0 8. Be2 c5 9. b5 Nb6 10. a4 a5 11. 0-0 Qc7 12. Ng5 d5 13. cxd5 Bxd5 14. e4 Be6 15. Nxe6 fxe6 16. Qb3 Qd6 17. Nd1 Ne8 18. Ne3 Bg5 19. Ng4 Bf6 20. Qc3 Qd4 21. Qb3 Qd6 22. h3 Nc7 23. Rac1 Nd7 24. Ne3 b6 25. Nc4 Qe7 26. Bc3 g6 27. Qb2 Qg7 28. Rc2 Rab8 29. Bd1 Rf7 30. Re2 Rbf8 31. Bxa5 bxa5 32. Nxa5 Ra8 33. Nc4 Rb8 34. Qc3 Be7 35. Rb2 Rff8 0-1

[Event "Schleswig-Holstein-ch HTA"]
[White "Haase, Erich"]
[Black "Zielke, Bernd"]
[Site "Buesum"]
[Round "1"]
[Result "1-0"]
[Date "2010.03.27"]
[WhiteElo "1575"]
[BlackElo "1679"]
[PlyCount "65"]
[EventDate "2010.03.27"]
[EventType "swiss"]
[EventRounds "9"]
[EventCountry "GER"]
[SourceTitle "EXT 2023"]
[Source "ChessBase"]
[SourceDate "2022.10.05"]
[SourceVersion "1"]
[SourceVersionDate "2022.10.05"]
[SourceQuality "1"]

1. c4 f5 2. d4 Nf6 3. Nc3 c6 4. g3 Qc7 5. Bg2 e5 6. dxe5 Qxe5 7. Nf3 Qc7 8. Bf4 d6 9. 0-0 Na6 10. a3 Qd8 11. Qd2 Nc5 12. Nd4 g6 13. b4 Ne6 14. Rad1 Nxf4 15. Qxf4 Qe7 16. e4 Nh5 17. Qf3 fxe4 18. Nxe4 Qf7 19. Qxf7+ Kxf7 20. Nf3 d5 21. cxd5 cxd5 22. Rxd5 Nf6 23. Nfg5+ Kg7 24. Nxf6 Kxf6 25. Rc1 Rb8 26. Ne4+ Kg7 27. Rc7+ Kh6 28. Rd8 Bg7 29. Rxh8 Bxh8 30. f4 Bd4+ 31. Kh1 b5 32. Ng5 Bg7 33. Bf3 1-0